THARMAL SCIENCE AND ENGINEERING (Record no. 7431)

MARC details
000 -LEADER
fixed length control field 00394nam a22001577a 4500
005 - DATE AND TIME OF LATEST TRANSACTION
control field 20200915161947.0
008 - FIXED-LENGTH DATA ELEMENTS--GENERAL INFORMATION
fixed length control field 200915b xxu||||| |||| 00| 0 eng d
020 ## - INTERNATIONAL STANDARD BOOK NUMBER
ISBN 81-318-01291-1
041 ## - LANGUAGE CODE
Language code of text/sound track or separate title eng
100 ## - MAIN ENTRY--AUTHOR NAME
Personal name RAJPUT, R. K.
245 ## - TITLE STATEMENT
Title THARMAL SCIENCE AND ENGINEERING
260 ## - PUBLICATION, DISTRIBUTION, ETC. (IMPRINT)
Place of publication NEW DELHI
Name of publisher LAXMI PUBLICATION
Year of publication 2011
300 ## - PHYSICAL DESCRIPTION
Number of Pages 524;p
650 ## - SUBJECT ADDED ENTRY--TOPICAL TERM
Topical Term engineeng
942 ## - ADDED ENTRY ELEMENTS (KOHA)
Koha item type Books
Holdings
Lost status Damaged status Collection code Home library Current library Shelving location Date acquired Source of acquisition Cost, normal purchase price Accession Number Koha item type
    MINING JRU Library JRU Library SHELF-58-A 15/09/2020 PURCHESS 325.00 7847 Books